Los caminos de Heidegger
Salvato in:
| Autore principale: | |
|---|---|
| Natura: | Libro |
| Lingua: | Undetermined |
| Pubblicazione: |
Barcelona, España
Herder
2003
|
| Edizione: | 2 |
| Soggetti: | |
| Tags: |
Aggiungi Tag
Nessun Tag, puoi essere il primo ad aggiungerne!!
|
MARC
| LEADER | 00000nam a2200000Ia 4500 | ||
|---|---|---|---|
| 008 | 170316s9999 xx 000 0 und d | ||
| 090 | |a 100 G-1c | ||
| 100 | |a Gadamer, Hans-Georg | ||
| 245 | |a Los caminos de Heidegger | ||
| 250 | |a 2 | ||
| 260 | |a Barcelona, España | ||
| 260 | |b Herder | ||
| 260 | |c 2003 | ||
| 300 | |a 415 páginas | ||
| 650 | |a FILOSOFÍA | ||
| 650 | |a MARTIN HEIDEGGER - ESTUDIOS - CONFERENCIAS - DISCURSOS | ||
| 650 | |a BIOGRAFÍA - HEIDEGGER | ||
| 650 | |a ETHOS / ÉTICA | ||
| 650 | |a HERMENÉUTICA | ||
| 650 | |a HEIDEGGER - HÖLDERLIN | ||
| 650 | |a BOURDIEU Y HABERMAS | ||
| 650 | |a KANT - HERMENÉUTICA | ||
| 650 | |a LA METAFÍSICA | ||
| 650 | |a PLATÓN | ||
| 650 | |a LOS GRIEGOS | ||
| 650 | |a DIOS | ||
| 999 | |c 16270 |d 16270 | ||
| 040 | |a cru BVZT | ||
| 942 | |c 15 D |h 100 G-1c |2 z | ||
